Establishment of Moda De Moderna Bayong in Riverside,Commonwealth Quezon City/ (Record no. 86035)

MARC details
000 -LEADER
fixed length control field 01544nam a22002657a 4500
003 - CONTROL NUMBER IDENTIFIER
control field URS
005 - DATE AND TIME OF LATEST TRANSACTION
control field 20250909113729.0
008 - FIXED-LENGTH DATA ELEMENTS--GENERAL INFORMATION
fixed length control field 250909b |||||||| |||| 00| 0 eng d
050 00 - LIBRARY OF CONGRESS CALL NUMBER
Classification number LG 221.R59
Item number .Es81 2024
100 1# - MAIN ENTRY--PERSONAL NAME
Personal name Alevio, Lyca M.
Relator term Researcher
245 10 - TITLE STATEMENT
Title <a href="Establishment of Moda De Moderna Bayong in Riverside,Commonwealth Quezon City/">Establishment of Moda De Moderna Bayong in Riverside,Commonwealth Quezon City/</a>
Statement of responsibility, etc Lyca M. Alevio, [et. al]
260 #1 - PUBLICATION, DISTRIBUTION, ETC. (IMPRINT)
Date of publication, distribution, etc 2024
300 ## - PHYSICAL DESCRIPTION
Extent xxiii, 183 leaves;
Other physical details Illustrations
Dimensions 28cm
336 ## - CONTENT TYPE
Source rdacontent
Content type term text
337 ## - MEDIA TYPE
Source rdamedia
Media type term unmediated
338 ## - CARRIER TYPE
Source rdacarrier
Carrier type term volume
502 ## - DISSERTATION NOTE
Dissertation note Undergraduate Thesis<br/>
Degree type Bachelor of Science in Office Administration Major in Human Resource Management <br/>
Name of granting institution University of Rizal System, Rodriguez Rizal <br/>
Year degree granted 2024
520 ## - SUMMARY, ETC.
Summary, etc This study provides a starting point for further research imo the lives of studen purentur and their challenges. Fature researchers are encouraged to build upon these findings to develop a deeper understanding of this demographic and promote awareness of the obstacles student parents encounter By addressing the idemified challenges through targeted supporn and institutional policies, stakeholders can facilitate a more imchasive and supportive educational environment for student-parents, ultimately enhancing their academic success and personal well-boing.
650 ## - SUBJECT ADDED ENTRY--TOPICAL TERM
Source of heading or term Moda de moderna bayong
700 ## - ADDED ENTRY--PERSONAL NAME
Personal name Alvarido, Jonalyn B.
Relator term Researcher
700 ## - ADDED ENTRY--PERSONAL NAME
Personal name Esto, Jeann
Relator term Researcher
700 ## - ADDED ENTRY--PERSONAL NAME
Personal name Enting, Arvie S.
Relator term Researcher
700 ## - ADDED ENTRY--PERSONAL NAME
Personal name Soberano, Maricar O.
Relator term Adviser
942 ## - ADDED ENTRY ELEMENTS (KOHA)
Source of classification or shelving scheme Library of Congress Classification
Koha item type Theses and dissertations
Holdings
Withdrawn status Source of classification or shelving scheme Damaged status Not for loan Home library Current library Shelving location Date acquired Total Checkouts Full call number Barcode Date last seen Price effective from Koha item type
  Library of Congress Classification   Not For Loan Rodriguez College Library Rodriguez College Library Undergraduate Theses 09/09/2025   LG 221.R59 .Es81 2024 URSROD-UGT-HRDM-1432 09/09/2025 09/09/2025 Theses and dissertations

University of Rizal System
Email us at univlibservices@urs.edu.ph

Visit our Website www.urs.edu.ph/library